000 00345nam a2200133 4500
005 20260530115304.0
100 1 _aAndrew Wright
_931680
245 1 0 _aDesigninig for Visual Aids
264 1 _bSutudio Vista / Reinhold
_c1964
300 _a96 páginas
336 _atexto
_2rdacontent
337 _asin medio
_2rdamedia
338 _avolumen
_2rdacarrier
999 _c13003
_d13003